ბათუმის შოთა რუსთაველის სახელმწიფო უნივერსიტეტის ბიბლიოთეკა

სსრ კავშირის ეკონომიური გეოგრაფია : (ბიბ.ჩანაწერი № 63786)

000 -ლიდერი
ფიქსირებული სიგრძის საკონტროლო ველი 01714nam a2200241 4500
003 - საკონტროლო ნომრის იდენტიფიკატორი
საკონტროლო ველი Ge_BSU
005 - ბოლო ოპერაციის თარიღი და დრო
საკონტროლო ველი 20260113200332.0
008 - ფიქსირებული სიგრძის მონაცემთა ელემენტები - ზოგადი ინფორმაცია
ფიქსირებული სიგრძის საკონტროლო ველი 260113s1977 ge ||||| |||| 00| 0 geo d
041 ## - ენის კოდი
Language code of text/sound track or separate title geo
080 ## - უნივერსალური ათობითი კლასიფიკაციის ინდექსი
Universal Decimal Classification number 911.3:33(47+57) ს-78
245 ## - ცნობა სათაურის შესახებ
Title სსრ კავშირის ეკონომიური გეოგრაფია :
Remainder of title [დამხმარე სახელმძღვანელო უნ-ტების გეოგრაფიული ფაკ-ტებისათვის]. ნაწ. 1, ქვეყნის საწარმოო ძალები მთლიანად /
Statement of responsibility, etc ი.გ. საუშკინის, ი.ვ. ნიკოლსკის და ვ.პ.კოროვიცინის რედ.; მთარგმნ.: ვ. ბურჯანაძე, ი. მამაიაშვილი, ე. მესხი.
264 ## - წარმოების, გამოცემის, დისტრიბუციის და სხვა ცნობები
გამოცემის, წარმოების, დისტრიბუციის... ადგილი თბილისი :
გამოცემის, წარმოების, დისტრიბუციის... სახელწოდება თბილ. უნ-ტის გამ-ბა,
გამოცემის, წარმოების, დისტრიბუციის... თარიღი 1977.
300 ## - ფიზიკური აღწერა
Extent 456 გვ. :
Other physical details ილ.;
Dimensions 25 სმ.
600 ## - SUBJECT ADDED ENTRY--PERSONAL NAME
Form subdivision
9 (RLIN) 26669
653 ## - INDEX TERM--UNCONTROLLED
Uncontrolled term სსრ კავშირის ეკონომიური გეოგრაფია
700 ## - ADDED ENTRY--PERSONAL NAME
Personal name საუშკინი, ი.გ.
Relator term რედაქტორი
9 (RLIN) 26670
700 ## - ADDED ENTRY--PERSONAL NAME
Personal name ნიკოლსკი, ი.ვ.
Relator term რედაქტორი
9 (RLIN) 26671
700 ## - ADDED ENTRY--PERSONAL NAME
Personal name კოროვიცინი, ვ.პ.
Relator term რედაქტორი
9 (RLIN) 26672
700 ## - ADDED ENTRY--PERSONAL NAME
Personal name ბურჯანაძე, ვ.
Relator term მთარგმნელი.
9 (RLIN) 26673
700 ## - ADDED ENTRY--PERSONAL NAME
Personal name მამაიაშვილი, ი.
Relator term მთარგმნელი
9 (RLIN) 26674
700 ## - ADDED ENTRY--PERSONAL NAME
Personal name მესხი, ე.
Relator term მთარგმნელი
9 (RLIN) 3902
942 ## - ADDED ENTRY ELEMENTS (KOHA)
Source of classification or shelving scheme
Koha item type წიგნი
ეგზემპლარები
ჩამოწერის სტატუსი დაკარგული ეგზემპლარის სტატუსი კლასიფიკაციის წყარო ან თაროზე გაწყობის სქემა დაზიანების სტატუსი არ გაიცემა მუდმივი მდებარეობა (დაცვის ადგილი) ამჟამინდელი ადგილსამყოფელი თაროზე განთავსების ადგილი შეძენის თარიღი ღირებულება, შესყიდვის ნორმალური ფასი სრული შენახვის შიფრი შტრიხკოდი ბოლო ოპერაციის თარიღი ეგზემპლარის მიმდევრობითი ნომერი (კეტერი?) ფასის ძალაში შესვლის თარიღი ეგზემპლარის სახეობა საჯარო შენიშვნა
          ბათუმის შოთა რუსთაველის სახელმწიფო უნივერსიტეტის მთავარი ბიბლიოთეკა ბათუმის შოთა რუსთაველის სახელმწიფო უნივერსიტეტის მთავარი ბიბლიოთეკა წიგნსაცავი 2026-01-13 3.36 911.3:33(47+57) ს-78 73445 2026-01-13 73445 2026-01-13 წიგნი 3 ლ. 36 თ.